000 00527nam a22001817a 4500
003 OSt
005 20140310182951.0
008 130206t xxu||||| |||| 00| 0 eng d
020 _a9789710489091
050 _aHF 5667
_b.Ev92 2008
100 _aEvangelista, Rosalinda Datu.
245 _aAuditing theory for students & practice guide for auditors /
_cRosalinda Datu-Evangelista.
260 _aManila :
_bGIC Enterprises,
_c2008.
300 _a940 p. :
_c23 cm.
521 _aBSA
942 _2lcc
_cBK
_kLOC
999 _c17907
_d17907